Lālabahādura śāstrī. (Record no. 76626)

MARC details
000 -LEADER
fixed length control field 00548cam a22002171 4500
001 - CONTROL NUMBER
control field sa 67007480
003 - CONTROL NUMBER IDENTIFIER
control field DLC
005 - DATE AND TIME OF LATEST TRANSACTION
control field 20260227112416.0
008 - FIXED-LENGTH DATA ELEMENTS--GENERAL INFORMATION
fixed length control field 890403s1966 xx 000 0 hino
010 ## - LIBRARY OF CONGRESS CONTROL NUMBER
LC control number sa 67007480
035 ## - SYSTEM CONTROL NUMBER
System control number (OCoLC)23564145
040 ## - CATALOGING SOURCE
Original cataloging agency DLC
Transcribing agency MiU
Modifying agency DLC
042 ## - AUTHENTICATION CODE
Authentication code premarc
050 00 - LIBRARY OF CONGRESS CALL NUMBER
Classification number DS481.S48
Item number S55
100 1# - MAIN ENTRY--PERSONAL NAME
Personal name Singh, Jitendra Prasad,
Dates associated with a name 1937-
Relator term ed.
245 00 - TITLE STATEMENT
Title Lālabahādura śāstrī.
260 ## - PUBLICATION, DISTRIBUTION, ETC.
Date of publication, distribution, etc. [1966]
300 ## - PHYSICAL DESCRIPTION
Extent 127 p.
Dimensions 19 cm.
500 ## - GENERAL NOTE
General note Romanized.
600 10 - SUBJECT ADDED ENTRY--PERSONAL NAME
Personal name Shastri, Lal Bahadur,
Dates associated with a name 1904-1966

No items available.

Powered by Koha